000 00565nam a22001577a 4500
003 OSt
005 20151120152132.0
008 151120b xxu||||| |||| 00| 0 eng d
040 _cRUA
082 _aFIS CHA 1996 B161 Or.1
100 _93967
_aCHAN, PENG HEANG.
245 _aDevelopment of nursing techniquec for rearing of carp seeds,ការអភិវឌ្ឍន៍បច្ចេកទេសផ្សាំសំរាប់បំប៉នកូនត្រីកាប
260 _aPhnom Penh
_bRUA
_c1996
300 _a86p.
_bill.
_c29cm.
942 _2ddc
_cFIS
999 _c3688
_d3688